Văn hoá học

Tallennettuna:
Bibliografiset tiedot
Päätekijä: Rôđin, V. M
Aineistotyyppi: Kirja
Julkaistu: Chính trị quốc gia 2000
Tagit: Lisää tagi
Ei tageja, Lisää ensimmäinen tagi!
Thư viện lưu trữ: Mạng thư viện Đại học Đà Nẵng
LEADER 00574nam a2200217 a 4500
001 000029115
003 1544
005 20171030145630.0
008 171030s2000
040 |a LTT 
082 0 |a 306.45  |b RÔ-V 
100 1 |a Rôđin, V. M 
245 0 0 |a Văn hoá học  |c V.M.Rôđin ; Nguyễn Hồng Minh dịch ; Phạm Tô Minh hiệu đính. 
260 |b Chính trị quốc gia  |c 2000 
OWN |a LTT 
999 |a From the UDN01 
TYP |a Monograph 
TYP |a Printed language 
980 |a Mạng thư viện Đại học Đà Nẵng